Paulus /

Hlavní autor: Bornkamm, Günther, 1905-1990
Jazyk: Němčina
Vydáno: Berlin : Evangelische Verlagsanstalt, 1977
Vydání: Nachdruck der 2., durchges. Aufl.
Fyzický popis: 260 s.
Knihy
Uloženo v:
LEADER 00660nam a22002172a 4500
001 001182164
003 CZ BrMZK
005 20111124105558.0
007 ta
008 111124s1977 gw er|||||||||||ger d
040 |a BOA001  |b cze 
100 1 |a Bornkamm, Günther,  |d 1905-1990  |7 skuk0000145  |4 aut 
245 1 0 |a Paulus /  |c Günther Bornkamm 
250 |a Nachdruck der 2., durchges. Aufl. 
260 |a Berlin :  |b Evangelische Verlagsanstalt,  |c 1977 
300 |a 260 s. 
504 |a Obsahuje bibliografii 
910 |a BOA001  |b 2-0776.847 
990 |a BK 
991 |b 201111 
996 7 |b 2619495443  |c 2-0776.847  |l MZK  |r Sklad / do 1 hodiny  |n 0  |w 001215714  |u 000010  |a 1  |e BOA001  |j MZK50  |s A